Catálogo
 En Linea

Autoridad e individuo / (Registro nro. 34845)

Detalles MARC
000 -CABECERA
campo de control de longitud fija 00553nam a2200181 a 4500
001 - NÚMERO DE CONTROL
campo de control 000035354
005 - FECHA Y HORA DE LA ÚLTIMA TRANSACCIÓN
campo de control 20200930074300.0
008 - DATOS DE LONGITUD FIJA--INFORMACIÓN GENERAL
campo de control de longitud fija 111027s1949 mx 000 0 spa d
040 ## - FUENTE DE LA CATALOGACIÓN
Centro catalogador/agencia de origen DO-SdBNP
Lengua de catalogación spa
Centro/agencia transcriptor BNPHU
082 ## - NÚMERO DE LA CLASIFICACIÓN DECIMAL DEWEY
Número de clasificación xxx
Número de documento/Ítem R911a
049 ## - FONDOS LOCALES (OCLC)
Fondos de biblioteca BNPD
100 1# - ENTRADA PRINCIPAL--NOMBRE DE PERSONA
Nombre de persona Russell, Bertrand
9 (RLIN) 45737
245 10 - MENCIÓN DE TÍTULO
Título Autoridad e individuo /
Mención de responsabilidad, etc. Bertrand Russell; traducción Márgara Villegas.
246 1# - FORMA VARIANTE DE TÍTULO
Título propio/Titulo breve Authority and the individual
260 ## - PUBLICACIÓN, DISTRIBUCIÓN, ETC.
Lugar de publicación, distribución, etc. México :
Nombre del editor, distribuidor, etc. Fondo de Cultura Económica,
Fecha de publicación, distribución, etc. 1949.
300 ## - DESCRIPCIÓN FÍSICA
Extensión 127 p. ;
Dimensiones 17 cm.
500 ## - NOTA GENERAL
Nota general Quinta reimpresión.
Existencias
Estado de retiro Estado de pérdida Restricciones de uso No para préstamo Código de colección Localización permanente Ubicación/localización actual Ubicación en estantería Fecha de adquisición Número de inventario Total de préstamos Signatura topográfica completa Código de barras Fecha visto por última vez Precio válido a partir de Tipo de ítem Koha
      Excluido de préstamo Monografías: Libros y Folletos General General En catalogación 27.10.2011 LF1   xxx R911a 35354-10 25.06.2020 25.06.2020 No se presta

Con tecnología Koha